<?xml version="1.0" encoding="UTF-8"?><OAI-PMH xmlns="http://www.openarchives.org/OAI/2.0/" xmlns:xsi="http://www.w3.org/2001/XMLSchema-instance"     xsi:schemaLocation="http://www.openarchives.org/OAI/2.0/ http://www.openarchives.org/OAI/2.0/OAI-PMH.xsd"><responseDate>2026-06-02T13:34:33Z</responseDate><request verb="GetRecord" identifier="oai:regmurcia.com:fintegr.599" metadataPrefix="marc21">http://oai.regmurcia.com/oai2/oai2.php</request><GetRecord><record><header><identifier>oai:regmurcia.com:fintegr.599</identifier><datestamp>2026-06-02</datestamp><setSpec>documentos</setSpec></header><metadata><record  xmlns="http://www.loc.gov/MARC21/slim" xmlns:xsi="http://www.w3.org/2001/XMLSchema-instance" xsi:schemaLocation="http://www.loc.gov/MARC21/slim http://www.loc.gov/standards/marcxml/schema/MARC21slim.xsd" type="Bibliographic"><leader>00000nam a2200000   4500</leader><controlfield tag="001" >005123474</controlfield><controlfield tag="003" >599</controlfield><controlfield tag="004" >A00000000</controlfield><datafield tag="245" ind1=" " ind2=" "><subfield code="a">Petición de la villa de Abanilla ante la Audiencia de Ciudad Real del traslado de la sentencia que dio el corregidor Juan Cabrero en el pleito de términos entre Murcia y Abanilla.</subfield></datafield><datafield tag="300" ind1=" " ind2=" "><subfield code="c">310 x 222 mm.</subfield></datafield><datafield tag="300" ind1=" " ind2=" "><subfield code="a">12 fol.</subfield></datafield><datafield tag="351" ind1=" " ind2=" "><subfield code="a">Unidad Documental simple</subfield><subfield code="c">Archivo de Murcia. Array</subfield><subfield code="a">Unidad Documental simple</subfield><subfield code="c">Archivo de Murcia. Array</subfield></datafield><datafield tag="351" ind1=" " ind2=" "><subfield code="b">Nº 32</subfield></datafield><datafield tag="506" ind1=" " ind2=" "><subfield code="a">Acceso restringido</subfield></datafield><datafield tag="520" ind1=" " ind2=" "><subfield code="a">Andrés López de Valladolid, en nombre de la villa de Abanilla y de Diego López de Padilla, su comendador, presenta ante la Audiencia de Ciudad Real una petición para recibir el traslado de la sentencia que Juan Cabrero, corregidor dictó a favor de Murcia en el pleito de términos que esta ciudad mantiene con Abanilla. &lt;/br&gt;El documento contiene:&lt;/br&gt;- Carta de poder de la villa de Abanilla a Diego López de Ciudad (Madrid. 1475-3-9) y carta de poder de la ciudad de Murcia a Álvaro de Santiesteban (Murcia. 1475-4-4), para que actúen como procuradores en el desarrollo de dicho pleito. &lt;/br&gt;- Relación del amojonamiento de los términos, que afectan a un total de 13 mojones repartidos entre los límites de Murcia, Abanilla, Orihuela y Fortuna. &lt;/br&gt;- Sentencia del corregidor Juan Cabrero a favor de Murcia en el pleito de términos con Abanilla.</subfield></datafield><datafield tag="583" ind1=" " ind2=" "><subfield code="u">http://www.regmurcia.com/servlet/s.Sl?METHOD=VERDOCUMENTO&amp;sit=serv,Carmesi&amp;n=/01/1134/indice.djvu</subfield></datafield><datafield tag="592" ind1=" " ind2=" "><subfield code="a">1498-03-16</subfield></datafield><datafield tag="592" ind1=" " ind2=" "><subfield code="d">1498-03-16 00:00:00</subfield></datafield><datafield tag="651" ind1=" " ind2=" "><subfield code="a">Ciudad Real</subfield></datafield><datafield tag="786" ind1=" " ind2=" "><subfield code="o">http://www.regmurcia.com/servlet/s.Sl?METHOD=VERDOCUMENTO&amp;sit=serv,Carmesi&amp;n=/01/1134/indice.djvu</subfield></datafield><datafield tag="856" ind1=" " ind2=" "><subfield code="u">http://www.regmurcia.com/servlet/s.Sl?METHOD=DETALLE&amp;sit=c,373,m,139,serv,Carmesi&amp;id=599</subfield></datafield></record></metadata></record></GetRecord></OAI-PMH>
